Fr. Conceicao Rodrigues College of Engineering

Radio Physics Course (Record no. 24389)

MARC details
000 -LEADER
fixed length control field 00326nam a2200145Ia 4500
082 ## - DEWEY DECIMAL CLASSIFICATION NUMBER
Classification number 621.3
100 ## - MAIN ENTRY--PERSONAL NAME
Personal name Ghirardi/A.A
245 ## - TITLE STATEMENT
Title Radio Physics Course
260 ## - PUBLICATION, DISTRIBUTION, ETC.
Name of publisher, distributor, etc. Murray Hill Books
Place of publication, distribution, etc. New York
Date of publication, distribution, etc. 1932
300 ## - PHYSICAL DESCRIPTION
Extent 972
546 ## - LANGUAGE NOTE
Language note ENGLISH
650 ## - SUBJECT ADDED ENTRY--TOPICAL TERM
Topical term or geographic name entry element Electrical Engineering
654 ## - SUBJECT ADDED ENTRY--FACETED TOPICAL TERMS
Focus term Radio Physics
942 ## - ADDED ENTRY ELEMENTS (KOHA)
Koha item type BOOK
Holdings
Withdrawn status Lost status Damaged status Not for loan Collection Home library Current library Shelving location Date acquired Total Checkouts Full call number Barcode Date last seen Price effective from Koha item type
        AFT Fr. Agnel's C.Rodrigues College of Engineering Fr. Agnel's C.Rodrigues College of Engineering   17/03/2023   621.3 AFT5768 17/03/2023 17/03/2023 BOOK